La masoveria urbana
Descripción Física:
1 tríptic ; il·lustracions color ; 21 cm
Colección:
Què has de saber sobre
Idioma:
Catalán
MARC
| LEADER | 00000nam a22000007a 4500 | ||
|---|---|---|---|
| 001 | 27843 | ||
| 003 | Arxiu | ||
| 005 | 20260324181515.0 | ||
| 008 | 230515b spa||||| |||| 00| 0 cat d | ||
| 017 | |a B 17222-2019 | ||
| 040 | |a agdb |b cat | ||
| 245 | |a La masoveria urbana | ||
| 246 | |a Què has de saber sobre la masoveria urbana | ||
| 260 | |a Barcelona : |b Diputació de Barcelona ; |c 2019 | ||
| 300 | |a 1 tríptic ; |b il·lustracions color ; |c 21 cm | ||
| 490 | |a Què has de saber sobre | ||
| 650 | 0 | |9 11245 |a Arrendament urbà | |
| 650 | 0 | |9 56375 |a Parceria | |
| 710 | 1 | |a Barcelona (Catalunya : Província). |b Gerència de Serveis d'Habitatge, Urbanisme i Activitats |9 52885 | |
| 942 | |2 udc |c ARXIU |n 1 | ||
| 952 | |0 0 |1 0 |2 udc |4 0 |6 FU7580 |7 1 |9 66311 |a Arxiu |b Arxiu |d 2023-05-15 |l 0 |o FU-75-80 |p 27843 |r 2023-05-15 00:00:00 |w 2023-05-15 |y ARXIU | ||
| 999 | |c 83442 |d 83442 | ||